| 000 | 01738nam2a2200313 4500 | ||
|---|---|---|---|
| 001 | RU\NLR\BIBL_A\012112088 | ||
| 005 | 20191122121530.0 | ||
| 010 |
_a978-5-91458-263-7 _9500 |
||
| 021 |
_aRU _bКН-П-19-067771 _9КН-П-19-4873 |
||
| 035 | _a(NLR Aleph) 012112088 | ||
| 035 | _a(RuMoRGB)010089215 | ||
| 090 |
_a11946353 _c11946353 |
||
| 100 | _a20191004d2018 k y0rusy50 ca | ||
| 101 | 0 | _arus | |
| 102 | _aRU | ||
| 105 | _ay z 000zy | ||
| 200 | 1 | _aВопросы грамматики | |
| 210 | _d2018 | ||
| 215 | _a98, [1] с. | ||
| 320 | _aБиблиогр. в конце разделов и в подстроч. примеч. | ||
| 461 | 0 |
_1001RU\NLR\BIBL_A\011313581 _12001#$aМонголоведные исследования$eизбранное$fВ.И. Рассадин$gМ-во образования и науки Рос. Федерации, Федер. гос. бюджет. образоват. учреждение высш. образования "Калмыцкий гос. ун-т им. Б.Б. Городовикова"$v[Ч.] 3 _1700#1$aРассадин$bВ. И.$cд-р филол. наук$f1939-2017$gВалентин Иванович$3RU\NLR\AUTH\7770241 _911034472 _aРассадин, В. И. (д-р филол. наук ; 1939-2017) _cЭлиста _d2015 _fВ.И. Рассадин _nИзд-во Калмыцкого университета _oизбранное _tМонголоведные исследования _v[Ч.] 3 |
|
| 606 | 1 |
_aМонгольские языки _xГрамматика _91662486 _3RU\NLR\AUTH\66736711 |
|
| 686 | 1 | _aШ164-2я44 | |
| 852 |
_aNLR _j2016-8/3434 |
||
| 942 | _cBOOK | ||
| 980 | _aNBR | ||
| 980 | _aNB | ||